000 01577nam a2200361 c 4500
001 57603
003 CO-BoRNBP
005 20250714161023.0
007 ta
008 160801s2009 ck a gs 000 0 spa d
020 _a9789580408543
040 _aCO-BoRNBP
_bspa
_erda
_cCO-BoRNBP
041 _aspa
084 _aN
100 1 _aKendall, Sarita
_eaut
_961112
245 1 3 _aLa campana del arrecife /
_cSarita Kendall ; traducido por Jorge Cárdenas Nanneti.
250 _aVigésimaquinta reimpresión
264 1 _aBogotá, Colombia :
_bNorma,
_c2009
300 _a174 páginas :
_bilustraciones
336 _atexto
_btxt
_2rdacontent
337 _asin mediación
_bn
_2rdamedia
338 _avolumen
_bnc
_2rdacarrier
490 0 _aTorre de papel
_aTorre amarilla
_aInfantil-juvenil
500 _aIncluye datos biográficos de la autora
505 1 _aViernes: la isla -- Viernes: Cartagena -- Sábado: el arrecife -- Domingo: el cable -- Lunes por la mañana: otra vez en el arrecife -- Lunes por la tarde: el descabezado -- Martes: la biblioteca -- Miércoles: Kika se luce -- Jueves: la partida -- Jueves por la noche: el disco -- Viernes por la mañana: la armada interviene -- Viernes por la tarde: la campana
650 0 7 _aHistoria
_vnovela
_2lemb
_961113
650 0 7 _aLiteratura juvenil brasileña
_ysiglo xx
_2lemb
_92475
650 0 7 _aNaufragios
_vnovela
_2lemb
_961114
650 0 7 _aNovela juvenil brasileña
_ysiglo xx
_2lemb
_92474
650 0 7 _aOcéano
_vnovela
_2lemb
_961115
700 _aNannetti, Jorge Cárdenas,
_d1906-
_etrl
_961116
942 _2loc
_cBKLIT
999 _c57603
_d57603